Human relations : the art and science of building effective relationships (Record no. 209175)

MARC details
000 -LEADER
fixed length control field 00708nam a2200217Ia 4500
008 - FIXED-LENGTH DATA ELEMENTS--GENERAL INFORMATION
fixed length control field 191130s2007##################000#0#eng##
020 ## - INTERNATIONAL STANDARD BOOK NUMBER
ISBN 9780131930643
082 ## - DEWEY DECIMAL CLASSIFICATION NUMBER
Classification number 302 HAM
100 ## - MAIN ENTRY--AUTHOR NAME
Personal name Hamilton, Vivian
245 ## - TITLE STATEMENT
Title Human relations : the art and science of building effective relationships
Statement of responsibility, etc Vivian Hamilton
260 ## - PUBLICATION, DISTRIBUTION, ETC. (IMPRINT)
Place of publication Upper Saddle River, NJ
Name of publisher Pearson/Prentice Hall
Year of publication c2007
300 ## - PHYSICAL DESCRIPTION
Number of Pages xvi, 479 p. : ill. ; 24 cm
500 ## - GENERAL NOTE
General note Includes bibliographical references and index
650 ## - SUBJECT ADDED ENTRY--TOPICAL TERM
Topical Term Interpersonal communication
Topical Term Interpersonal Relations
991 ## -
-- 29833
Holdings
Withdrawn status Lost status Damaged status Not for loan Home library Current library Shelving location Date acquired Full call number Accession Number Price effective from Koha item type
        Anna Centenary Library Anna Centenary Library 3RD FLOOR, B WING 13.10.2020 302 HAM 296377 13.10.2020 English Books

Find us on the map